| 000 | 00938nam a22002291 4500 | ||
|---|---|---|---|
| 001 | gs 05001188 | ||
| 003 | DLC | ||
| 005 | 20260227111303.0 | ||
| 008 | 900612m18931891gw ab b 00010 ger c | ||
| 010 | _ags 05001188 //r902 | ||
| 040 |
_aU.S. Geol. Survey Libr./ICU _cICU |
||
| 050 | 0 | 0 |
_aQE26 _b.K27 |
| 100 | 1 | 0 |
_aKayser, Emanuel, _d1845-1927. |
| 245 | 1 | 0 |
_aLehrbuch der geologie ... _cVon dr. Emanuel Kayser ... |
| 260 | 0 |
_aStuttgart, _bF. Enke, _c1893, '91. |
|
| 300 |
_a2 v. _billus., maps, diagrs., profiles. _c24 cm. |
||
| 500 | _aEach vol. has also special t.p. | ||
| 504 | _aBibliographical footnotes. | ||
| 500 | _a"Zusammenstellung der wichtigsten lehrbücher der allgemeinen und der gesammten geologie": v. 1, p. 6. | ||
| 505 | 0 | _aI. Lehrbuch der allgemeinen geologie, für studirende und zum selbstunterricht.--II. Lehrbuch der geologischen formationskunde, für studierende und zum selbstunterricht. | |
| 650 | 0 | _aGeology. | |
| 999 |
_c24362 _d24362 |
||